Lonely island quiz - Statistics

General Stats
  • This quiz has been taken 9 times
  • The average score is 13 of 33
Answer Stats
Hint Answer % Correct
2006 Dick in a Box
100%
2009 I'm on a Boat
88%
2024 Sushi Glory Hole
75%
2009 Threw It on the Ground
75%
2010 I Just Had Sex
63%
2011 Jack Sparrow
63%
2008 Jizz in My pants
63%
2009 Shy Ronnie
63%
2010 Shy Ronnie 2: Ronnie and Clyde
63%
2013 YOLO
63%
2011 3-Way (The Golden Rule)
50%
2016 Finest Girl (Bin Laden Song)
50%
2024 Here I Go
50%
2009 Motherlover
50%
2006 Natalie's Rap
50%
2018 Natalie's Rap 2.0
50%
2013 Spring Break Anthem
50%
2010 boombox
38%
2005 Lazy Sunday
38%
2009 Like a Boss
38%
2016 Mona Lisa
38%
2011 The Creep
38%
2016 I'm So Humble
25%
2013 Diaper Money
13%
2013 Go Kindergarten
13%
2010 Great Day
13%
2013 Spell It Out
13%
2014 When Will the Bass Drop
13%
2009 Cool Guys Don't Look at Explosions
0%
2014 Hugs
0%
2016 I'm A Weirdo
0%
2008 Ras Trent
0%
2011 We're Back
0%
No matching quizzes found
Score Distribution
Percent of People with Each Score
Percentile by Number Answered
Your Score History
You have not taken this quiz